Word Ladder: Serbian Capital Quiz Stats

 Plays Quiz Updated Sep 16, 2017

Challenge
Share
Tweet
Embed
Score 0/18 Timer 03:00
0 Plays Today
Clue 5-Letter Word % Correct
Matriarch of the 'Simpsons' familyMARGE
93%
• Disney Princess from Beauty and the Beast •• BELLE •
92.3%
Stomach areaBELLY
91.3%
US State bordering New Brunswick and QuebecMAINE
88.4%
A large flat-bottomed boatBARGE
88.3%
A participant in a weddingBRIDE
86.7%
A male goatBILLY
86%
Salty water that can be used for picklingBRINE
84.8%
Something that you can earn on SporcleBADGE
84.1%
Clue 5-Letter Word % Correct
River in France and site of two WWI battlesMARNE
83.2%
Move slightlyBUDGE
80.2%
To swell outwardBULGE
78.6%
Actor Michael of 'Children of Men' or 'The Dark Knight'CAINE
75.9%
Scottish word for 'to shrink or shrivel'CRINE
68.7%
Lowest area of a shipBILGE
68.6%
• A score earned on a quiz (I hope you get an A+!) •• GRADE •
68.6%
French for 'marble' (little ball)BILLE
68.5%
To make a grating soundGRIDE
64.3%

Today's Daily Dose

Missing Word
Witch Songs

Word Ladder
Alabama

Quick Pick
Fanta Flavors

On This Day
October 15th II

You're not logged in!

Compare scores with friends on all Sporcle quizzes.
Join for Free
OR
Log In

You Might Also Like...

Show Comments

Extras

Top Quizzes Today


Score Distribution

Your Account Isn't Verified!

In order to create a playlist on Sporcle, you need to verify the email address you used during registration. Go to your Sporcle Settings to finish the process.

Report this User

Report this user for behavior that violates our Community Guidelines.

Details: